| 000 | 00845nam a2200217 a 4500 | ||
|---|---|---|---|
| 005 | 20200104041541.0 | ||
| 008 | 140311b2003 sz d|||fr|||| 00| 0 eng d | ||
| 040 |
_aCO-BoIAVH _cCO-BoIAVH |
||
| 041 | 0 | _aeng | |
| 044 | _asz | ||
| 082 | 0 | 4 |
_a352.749 _bV85r |
| 100 | 1 |
_aVivas Eugui, David _eautor |
|
| 245 | 1 | 0 |
_aRegional and bilateral agreements and a TRIPS-plus world _bthe free trade area of the Americas (FTAA) |
| 260 |
_aGinebra (Suiza) : _bQuaker United Nations Office : _bInternational Centre for Trade and Sustainable Development, _c2003. |
||
| 300 |
_a36 páginas : _btablas ; _c29 x 21 cm. |
||
| 490 | 0 |
_aTRIPS issues papers ; _v1 |
|
| 650 | 2 | 6 |
_aPropiedad intelectual _xCooperación internacional |
| 650 | 2 | 6 | _aDesarrollo sostenible |
| 650 | 2 | 6 |
_aPropiedad intelectual _xprotección |
| 942 |
_cLIBRO _2ddc |
||
| 999 |
_c3535 _d3535 |
||